| 000 | 00000nam##2200000za#4500 |
| 001 | 9.611833 |
| 003 | CaOODSP |
| 005 | 20230202144024 |
| 007 | ta |
| 008 | 150406|1995||||xxc||||| f|0| 0 eng|d |
| 020 | |a0-662-21709-8 |
| 040 | |aCaOODSP|beng |
| 043 | |an-cn--- |
| 086 | 1 |aH72-22/17-1995E |
| 110 | 2 |aNational Clearinghouse on Family Violence (Canada). |
| 245 | 14|aThe parent-teen relationship: life through a teenager's eyes / |cby Gus Fraser. |
| 260 | |aOttawa - Ontario : |bHealth Canada. |c1995. |
| 300 | |a9p. : |breferences ; |c28 cm. |
| 490 | 1 |aInformation from the National Clearinghouse on Family Violence |
| 500 | |a"Discusses the way teenagers develop and what parents can do to help them through the transition from childhood to adulthood."--Page 1. |
| 520 | 3 |aDiscusses the way teenagers develop and what parents can do to help them through the transition from childhood to adulthood.--Page 1 |
| 590 | |a95-37|b1995-09-15 |
| 690 | 07|aFamily violence|2gcpds |
| 690 | 07|aAdolescents|2gcpds |
| 720 | 1 |aFraser, Gus |
| 776 | 0#|tThe parent-teen relationship : |w(CaOODSP)9.572681 |
| 830 | #0|aInformation from the National Clearinghouse on Family Violence.|w(CaOODSP)9.514740 |